|
|
|
|
| LEADER |
00000nab a2200000 a 4500 |
| 001 |
vtls000339687 |
| 003 |
SK-MaSNL |
| 005 |
20260304080453.0 |
| 008 |
250424c1988 xo 0 slo |
| 015 |
|
|
|a SNBRB19rr/mm-uuuuu
|
| 035 |
|
|
|a CL0339809
|
| 035 |
|
|
|a urn:nbn:sk:snk-ab25c6
|
| 035 |
|
|
|a (urnnbn)urn:nbn:sk:snk:ar-a01okv
|
| 035 |
|
|
|a (uuid)45152307-fe7a-4db9-9940-d9d01586dfcf
|
| 040 |
|
|
|a SNKBUCL
|b slo
|c SNKBUCL
|e AACR2
|
| 041 |
0 |
|
|a slo
|
| 044 |
|
|
|a xo
|c SK
|
| 080 |
|
|
|a 78.071.1
|2 1981
|
| 080 |
|
|
|a 929 Zimmermann, Udo
|2 1981
|
| 100 |
1 |
|
|a Zimmermann, Udo
|4 aut
|9 1331695
|
| 245 |
1 |
0 |
|a Rozhovor s Udom Zimmermannom
|c Udo Zimmermann, Agata Schindlerová
|
| 300 |
|
|
|b Obr. 1.
|
| 600 |
1 |
7 |
|a Zimmermann, Udo
|d 1943-
|2 snkbucl
|9 1367832
|
| 650 |
0 |
7 |
|a Zimmermann, Udo
|d 1943-
|2 snkbucl
|9 1331696
|
| 655 |
|
7 |
|a články z novín a časopisov
|2 snkbucl
|9 267496
|
| 700 |
1 |
|
|a Schindlerová, Agata
|4 aut
|9 576846
|
| 773 |
0 |
|
|t Hudobný život
|g Roč. 20, č. 23 (1988), s. 9
|
| 850 |
|
|
|a Slovenská národná knižnica
|
| 852 |
|
|
|a Slovenská národná knižnica
|
| 954 |
|
|
|a odborná, vedecká literatúra pôvodná (slovenská)
|2 lita
|
| 958 |
|
|
|a article27
|
| 958 |
|
|
|a OND
|
| 958 |
|
|
|a RK
|
| 958 |
|
|
|a DE
|
| 958 |
|
|
|a EUIPO
|
| 992 |
|
|
|a RBX
|
| 999 |
|
|
|c 2786821
|d 2788751
|